Securitisation asset reconstruction & enforcement of securtiy interests / (Record no. 43085)

MARC details
000 -LEADER
fixed length control field 00815nam a22002177a 4500
005 - DATE AND TIME OF LATEST TRANSACTION
control field 20100825161735.0
010 ## - LCCN (DPL NO)
LC control number ENG-101379
020 ## - INTERNATIONAL STANDARD BOOK NUMBER
International Standard Book Number 9788180386350
Terms of availability 1695.00
035 ## - SYSTEM CONTROL NUMBER
System control number EN-84912
037 ## - SOURCE OF ACQUISITION
Source of stock number/acquisition DBAD/PUB
082 ## - DEWEY DECIMAL CLASSIFICATION NUMBER
Classification number 332.632
100 ## - MAIN ENTRY--PERSONAL NAME
Personal name Kothari,Vinod
245 ## - TITLE STATEMENT
Title Securitisation asset reconstruction & enforcement of securtiy interests /
Statement of responsibility, etc by Vinod Kothari
250 ## - EDITION STATEMENT
Remainder of edition statement 3rd rev. ed.
260 ## - PUBLICATION, DISTRIBUTION, ETC. (IMPRINT)
Place of publication, distribution, etc Gurgaon
Name of publisher, distributor, etc Lexis Nexis
Date of publication, distribution, etc 2010
270 ## - ADDRESS
Address 14 th Floor Building No 10 Tower -B DLF Cyber City Phase II
City Gurgaon
Postal code 122002
300 ## - PHYSICAL DESCRIPTION
Extent xci,1170p
Dimensions 25cm(Hb)
500 ## - GENERAL NOTE
General note includes index
942 ## - ADDED ENTRY ELEMENTS (KOHA)
Source of classification or shelving scheme Dewey Decimal Classification
Item type English Books
Classification part 332.632
Call number suffix KOT
Holdings
Withdrawn status Lost status Not for loan Collection code Home library Current library Date acquired Source of acquisition Cost, normal purchase price Full call number Barcode Copy number Cost, replacement price Koha item type
    Not For Loan Non-fiction D.B.Act.Division D.B.Act.Division 25/08/2010 DBAD/PUB 1695.00 332.632 KOT EN-84912 1 1695.00 English Books

© Delhi Public Library
Hit Counter
free hit counter